Del concepto de monumento histórico al de patrimonio cultural /

Centrándose en el ámbito europeo, el artículo analiza los valores y significados cambiantes que el patrimonio ha ido adquiriendo en diferentes etapas históricas y su relación con la sociedad que lo sustenta. Los años setenta marcan un punto de inflexión en la consideración del patrimonio, produciénd...

Deskribapen osoa

Gorde:
Xehetasun bibliografikoak
Egile nagusia: Lourés Seoane, María Luisa
Formatua: Texto
Gaiak:
Etiketak: Etiketa erantsi
Etiketarik gabe, Izan zaitez lehena erregistro honi etiketa jartzen!

MARC

LEADER 00000 a a2200000 04500
001 15269
003
040
100 |a Lourés Seoane, María Luisa  
245 |a Del concepto de monumento histórico al de patrimonio cultural /  |c María Luisa Lourés Seoane 
500 |a Resume parte de los resultados de la investigación Patrimonio histórico y sociedad, financiado por la Comunidad Autónoma de Madrid y el Fondo Social Europeo  
520 |a Centrándose en el ámbito europeo, el artículo analiza los valores y significados cambiantes que el patrimonio ha ido adquiriendo en diferentes etapas históricas y su relación con la sociedad que lo sustenta. Los años setenta marcan un punto de inflexión en la consideración del patrimonio, produciéndise un desplazamiento desde lo cultural hacia lo económico, que tendrá hondas repercusiones en el campo patrimonial  
650 |a LUGARES Y MONUMENTOS HISTORICOS  
650 |a HISTORIA SOCIAL  
650 |a CAMBIO SOCIAL  
650 |a URBANIZACION  
650 |a INDUSTRIALIZACION  
773 |g número 94; páginas 141-150  
999 |c 39399  |d 39399 
773 0 |0 18728  |9 3043  |a Universidad de Costa Rica  |d San José, Costa Rica Editorial UCR 1956-  |o 17104  |t Revista de Ciencias Sociales/  |x 04825276